| 000 | 00637nam a2200253Ia 4500 | ||
|---|---|---|---|
| 008 | 170712s9999 xx 000 0 und d | ||
| 020 | _a9712715159 | ||
| 050 | _a641 | ||
| 050 | _bG643 2006 | ||
| 100 | _aGonzalez, Gene R. | ||
| 245 | 2 | _aA quick and easy guide to food & wine for chefs and restaurateurs / | |
| 245 | _cby Gene R. Gonzalez. | ||
| 260 | _aPhilippines : | ||
| 260 | _bAnvil, | ||
| 260 | _c2006 | ||
| 300 | _a213 pages : | ||
| 300 | _billustrations ; | ||
| 300 | _c20cm. | ||
| 500 | _aIncludes bibliography. | ||
| 650 | _aCooking -- | ||
| 650 | _aCooking. | ||
| 650 | _aTitle. | ||
| 650 | _xMiscellanea. | ||
| 999 |
_c340409 _d340409 |
||